Countries with the most percentage of Muslims Quiz Stats

Quiz not verified by Sporcle

Challenge
Share
Tweet
Embed
Score 0/20 Timer 05:00
0 Plays Today
Country % Correct
14.Saudi Arabia
95.7%
6.Iraq
91.5%
19.Libya
91.5%
3.Tunisia
89.4%
5.Iran
89.4%
9.Somalia
89.4%
7.Morocco
87.2%
8.Yemen
87.2%
4.Afghanistan
85.1%
10.Turkey
85.1%
Country % Correct
12.Algeria
85.1%
16.Sudan
85.1%
20.Uzbekistan
76.6%
1.Maldives
74.5%
2.Mauritania
74.5%
17.Azerbaijan
72.3%
11.Comoros
70.2%
13.Palestine
70.2%
18.Tajikistan
68.1%
15.Djibouti
63.8%

You're not logged in!

Compare scores with friends on all Sporcle quizzes.
Join for Free
OR
Log In

You Might Also Like...

Show Comments

Extras

Top Quizzes Today


Score Distribution

Your Account Isn't Verified!

In order to create a playlist on Sporcle, you need to verify the email address you used during registration. Go to your Sporcle Settings to finish the process.

Report this User

Report this user for behavior that violates our Community Guidelines.

Details: